Edison's Alley / (Record no. 47906)
| 000 -LEADER | |
|---|---|
| fixed length control field | 01174nam a2200157 4500 |
| 020 ## - INTERNATIONAL STANDARD BOOK NUMBER | |
| International Standard Book Number | 9781423155171 |
| 100 ## - MAIN ENTRY--PERSONAL NAME | |
| Personal name | Shusterman, Neal. |
| 9 (RLIN) | 85718 |
| 245 ## - TITLE STATEMENT | |
| Title | Edison's Alley / |
| Statement of responsibility, etc | Neal Shusterman and Eric Elfman. |
| 260 ## - PUBLICATION, DISTRIBUTION, ETC. (IMPRINT) | |
| Place of publication, distribution, etc | Los Angeles: |
| Name of publisher, distributor, etc | Hyperion; |
| Date of publication, distribution, etc | 2016. |
| 300 ## - PHYSICAL DESCRIPTION | |
| Extent | 260 p. |
| Accompanying material | 19 cm. |
| 490 ## - SERIES STATEMENT | |
| Series statement | The Accelerati Trilogy; Bk.2 |
| 520 ## - SUMMARY, ETC. | |
| Summary, etc | Fourteen-year-old Nick has learned that the strange antiques in his attic bedroom were left there by the eccentric inventor Nikola Tesla. They are pieces of Tesla's Far Range Energy Emitter, capable of transmitting "free energy" to the globe. Some components of the contraption are still missing, but the objects themselves seem to be leading Nick and his friends to their current owners. <br/><br/>However, members of the Accelerati, a menacing secret society of physicists, are on the hunt too, and their brazen leader, Dr. Alan Jorgenson, will stop at nothing to foil Nick and steal the objects. It takes a dangerous build-up of electromagnetic energy in the atmosphere to reverse everyone's fortunes--and lead Nick to his destiny. |
| 650 ## - SUBJECT ADDED ENTRY--TOPICAL TERM | |
| Topical term or geographic name as entry element | Inventions. |
| Form subdivision | Fiction. |
| 9 (RLIN) | 52920 |
| 655 ## - INDEX TERM--GENRE/FORM | |
| Genre/form data or focus term | Science Fiction. |
| 942 ## - ADDED ENTRY ELEMENTS (KOHA) | |
| Source of classification or shelving scheme | |
| Koha item type | J FIC BOOKS |
| Withdrawn status | Lost status | Source of classification or shelving scheme | Damaged status | Not for loan | Collection code | Home library | Current library | Date acquired | Total Checkouts | Full call number | Barcode | Date last seen | Date checked out | Price effective from | Koha item type |
|---|---|---|---|---|---|---|---|---|---|---|---|---|---|---|---|
| SECONDARY | Asian Hope Secondary Library | Asian Hope Secondary Library | 11/21/2024 | 1 | J FIC SHU | 206673 | 01/16/2026 | 02/25/2025 | 11/21/2024 | J FIC BOOKS |